000 00303nam a22001337a 4500
008 210323b ||||| |||| 00| 0 eng d
041 _aeng
080 _a7
082 _a7
100 _a44
101 _aART
245 _aVitamin T Threads & Textiles in Contemporary Art
_cPhaidon,
942 _2udc
_cBK
999 _c56682
_d56682